| 000 | 01155nam a22002057a 4500 | ||
|---|---|---|---|
| 999 |
_c59457 _d59457 |
||
| 003 | Ge_BSU | ||
| 005 | 20230221164514.0 | ||
| 008 | 230221s2005ge xxu||||| |||| 00| 0 geo d | ||
| 041 | _ageo | ||
| 080 | _a663.25(075.8) ჯ-22 | ||
| 100 |
_aჯანხოთელი, გრიგოლ, ავტორი. _917004 |
||
| 245 |
_aმეღვინეობა : _b[სახელმძღვანელო] / _cგრიგოლ ჯანხოთელი ; რედ. დავით გიაშვილი ; |
||
| 264 |
_aთბილისი : _b L & კომპანია, _c2005. |
||
| 300 |
_a646 გვ. : _bნახ., ცხრ. ; _c21 სმ. |
||
| 653 | _aმეღვინეობა -- სახელმძღვანელოები. | ||
| 700 |
_aგიაშვილი, დავით _eრედაქტორი _917005 |
||
| 711 |
_aსაქართველოს საინჟინრო-ტექნოლოგიური და ჰუმანიტარული ინსტიტუტი, _917006 |
||
| 711 |
_aბაკურციხის ინსტიტუტი _917007 |
||
| 942 |
_2udc _cBK |
||